000 00233 a2200097 4500
001 35015
100 _aJane's
245 _aJane's All the world's aircraft 190-91
260 _aUK
_bJane's information Group
_c
090 _c23164
_d23164
942 _aNUST-CAE
_cM
_c14630
999 _c270088
_d270088